| 000 | 01217nas a2200241 454500 | ||
|---|---|---|---|
| 001 | 5941 | ||
| 005 | 20260407193504.0 | ||
| 008 | 260407s1992####ag###########|||spa#d | ||
| 003 | AR-UNSa-BCEJYS | ||
| 040 |
_aAR-UNSa-BCEJYS _bspa _cAR-UNSa-BCEJYS |
||
| 080 |
_a35 _xAdministración Pública |
||
| 245 | 1 | 0 |
_aRAP _pRevista Argentina del Régimen de la Administración Pública |
| 264 | 1 |
_aBuenos Aires : _bCiencias de la Administración _c1992 |
|
| 310 | _aFrecuencia: mensual Cambia de Director a partir del Nº 199 por Julio R. Casas Cambia de Director a partir del Nº 280 por Eduardo Mertehikian Cambia de Editorial a partir del Nº 280 por Ediciones RAP | ||
| 505 | _aEl material informativo está constituido por leyes, decretos, resoluciones, ordenanzas municipales, síntesis de fallos relacionados con la función pública o con los contratos que celebra el estado | ||
| 041 | _aspa | ||
| 942 | _cSER | ||
| 590 | _aniveau_biblio:s niveau_hierar:1 | ||
| 100 | 1 | _aRiestra, Horacio J. | |
| 650 | _aADMINISTRACION PUBLICA | ||
| 650 | _aDerecho | ||
| 856 | 4 | 1 |
_uhttps://biblioeco.unsa.edu.ar/pmb/images/revistas/Revista argentina del regimen de la administracion publica2-r15126.jpg _yImagen de portada _qimage/jpeg |
| 999 |
_c8431 _d8431 |
||